000 00881cam4a220025300 4500
001 qce00429199
005 20190823090949.0
008 720516s1963 mdu eng u
010 _a 63001922
035 _a(Sirsi) r55097
035 _a(QCAT)lss00217167
035 _a(UPRA)qce00429199
040 _dUPRA
100 1 _aFogg, G. E. (Gordon Elliott), 1919-
_qFogg, G. E. (Gordon Elliott), 1919-
_dFogg, G. E. (Gordon Elliott), 1919-
_6A13739.1
245 1 4 _aThe growth of plants.
260 _aBaltimore :
_bPenguin Books,
_c[1963]
650 0 _aGrowth (Plants)
_6S1990.1
949 _aQK731
_wlcc
_i-71225
_mMAIN
_tBOOK
_lON-SHELF
949 _aQK731
_wlcc
_i-71226
_mMAIN
_tBOOK
_lON-SHELF
949 _aQK731
_wlcc
_i-71227
_mMAIN
_tBOOK
_lON-SHELF
949 _aQK731
_wlcc
_i-71228
_mMAIN
_tBOOK
_lON-SHELF
949 _aQK731
_wlcc
_i-71229
_mMAIN
_tBOOK
_lON-SHELF
004 55097
999 _c143212
_d143212